01673 2200541 4500001002100000005001500021035002000036245006300056100001100119250002000130300003200150260003900182082000800221084001400229650001500243008004100258020002200299990002700321990002700348990002700375990002700402990002700429990002700456990002700483990002700510990002700537990002700564990002700591990002700618990002700645990002700672990002700699990002700726990002700753990002700780990002700807990002700834990002700861990002700888990002700915990002700942990002700969990002700996990002701023990002701050990002701077990002701104INLIS00000000000034320210831101428 a0010-08210000191 adetik-detik asesmen nasional :bakm numerasi /cMuklis,dkk0 aMuklis acetakan pertama aiv,140 halaman :bilustrasi aklaten :bpt.intan pariwara,c2020 a370 a370 MUK d 4apendidikan210831 0  a978-979-28-3927-2 a001-2021-01310-001-CL1 a001-2021-01311-001-CL1 a001-2021-01312-001-CL1 a001-2021-01313-001-CL1 a001-2021-01314-001-CL1 a001-2021-01315-001-CL1 a001-2021-01316-001-CL1 a001-2021-01317-001-CL1 a001-2021-01318-001-CL1 a001-2021-01319-001-CL1 a001-2021-01320-001-CL1 a001-2021-01321-001-CL1 a001-2021-01322-001-CL1 a001-2021-01323-001-CL1 a001-2021-01324-001-CL1 a001-2021-01325-001-CL1 a001-2021-01326-001-CL1 a001-2021-01327-001-CL1 a001-2021-01328-001-CL1 a001-2021-01329-001-CL1 a001-2021-01330-001-CL1 a001-2021-01331-001-CL1 a001-2021-01332-001-CL1 a001-2021-01333-001-CL1 a001-2021-01334-001-CL1 a001-2021-01335-001-CL1 a001-2021-01336-001-CL1 a001-2021-01337-001-CL1 a001-2021-01338-001-CL1 a001-2021-01339-001-CL1